¿Cómo estás tú? ¡Bien de salud! : (Record no. 23643)

000 -CABECERA
fixed length control field 01304nam a22002897i 4500
003 - IDENTIFICADOR DEL NÚMERO DE CONTROL
control field AR-CdUCM
008 - DATOS DE LONGITUD FIJA--INFORMACIÓN GENERAL
fixed length control field 260427b pe ||||| |||| 00| 0 spa d
020 ## - NÚMERO INTERNACIONAL ESTÁNDAR DEL LIBRO
ISBN 978-612-5111-07-4
040 ## - FUENTE DE LA CATALOGACIÓN
Agencia/entidad que catalogó originalmente la obra MUNICIPALIDAD PROVINCIAL DEL CUSCO
Entidad que transcribió la catalogación BIBLIOTECA MUNICIPAL DEL CUSCO
082 ## - NÚMERO DE LA CLASIFICACIÓN DECIMAL DEWEY
No. de Clasificación 613
Notacion interna P45
100 ## - ENTRADA PRINCIPAL--NOMBRE DE PERSONA
Nombre Personal Pérez-Albela, José Luis
245 ## - MENCIÓN DE TÍTULO
Título ¿Cómo estás tú? ¡Bien de salud! :
Resto del título 108 artículos que te llevarán hacia un viaje de sabiduría y bienestar integral /
260 ## - PUBLICACIÓN, DISTRIBUCIÓN, ETC.
Lugar de publicación, distribución, etc. Perú :
Nombre de la editorial, distribuidor, etc. Editorial Diana
Fecha de publicación, distribución, etc. 2023
300 ## - DESCRIPCIÓN FÍSICA
Nº de Páginas Extensión 174 páginas. :
Dimensiones 15x23 cm.
500 ## - NOTA GENERAL
Bibliografía Bibliografía : páginas del 173 - 174
505 ## - NOTA DE CONTENIDO CON FORMATO
Nota de contenido formateada Salud -- Alimentos veganos para la anemia -- Dúchate con agua fría -- El cáncer y las algas -- Agradece por todo -- Toma baños de vapor -- El poder antiviral de las plantas -- Sexualidad saludable -- El sueño sagrado -- Los beneficios del ayuno -- La luna llena y el sueño -- Las súper raíces -- La <<enfermedad de la prisa>> -- El poder de la bendición
650 ## - PUNTO DE ACCESO ADICIONAL DE MATERIA--TÉRMINO DE MATERIA
Descriptor Salud
9 (RLIN) 8684
650 ## - PUNTO DE ACCESO ADICIONAL DE MATERIA--TÉRMINO DE MATERIA
Descriptor Sabiduría
9 (RLIN) 27164
650 ## - PUNTO DE ACCESO ADICIONAL DE MATERIA--TÉRMINO DE MATERIA
Descriptor Nutrición
9 (RLIN) 2384
650 ## - PUNTO DE ACCESO ADICIONAL DE MATERIA--TÉRMINO DE MATERIA
Descriptor Alimentos
9 (RLIN) 7656
650 ## - PUNTO DE ACCESO ADICIONAL DE MATERIA--TÉRMINO DE MATERIA
Descriptor Poder
9 (RLIN) 4273
650 ## - PUNTO DE ACCESO ADICIONAL DE MATERIA--TÉRMINO DE MATERIA
Descriptor Sexualidad
9 (RLIN) 9609
856 ## - LOCALIZACIÓN Y ACCESO ELECTRÓNICOS
Dirección electrónica www.planetadelibros.com.pe
942 ## - ELEMENTOS DE PUNTO DE ACCESO ADICIONAL (KOHA)
Fuente de clasificación
Tipo de item Libros-BMC
945 ## - PROCESAMIENTO DE INFORMACIÓN LOCAL (OCLC)
Catalogador esh
AAAA-MM-DD - Fecha de ingreso o modificacion 27-04-2026
Holdings
Estado de retiro (separado) Fuente de clasificación o esquema de estanterías Estado dañado Ubicación Sala donde se ubica Nombre de la colección Fecha de adquisición o compra Fuente de adquisición Costo, precio normal en soles Signatura topográfica Código de Barras Última vez visto (Koha) Tipo de ítem (Koha)
No     Sala Ciencias Sala Ciencias Book Cart 2026-04-27 Donación 50.00 613 / P45 SC0000002479 2026-04-27 Libros-BMC

Powered by Koha